00541nam a2200217Ia 4500008004100000020001500041050001100056050001400067100001800081245003300099245003000132245002100162260001300183260002000196260000900216300001600225300002000241300001000261650002400271650002800295170711s9999 xx 000 0 und d a1858214440 a940.54 bM533 1997 aMemmott, Fred aHere, there and everywhere : ba British soldier's lot / cby Fred Memmott. aDurham : bPentland Press, c1997 a190 pages : billustrations ; c21cm. aMemmott, Frederick. aWorld War, 1939-1945 --